Ponuka na prevzatie v kontexte práva cenných papierov
Problematika ponuky na prevziatie podľa zákona o cenných papieroch. Význam a funkcie dobrovoľnej a povinnej ponuky na prevzatie. Konkurenčná ponuka na prevzatie. Zásady ponuky na prevzatie.
Enregistré dans:
| Auteur principal: | |
|---|---|
| Format: | Chapitre de livre |
| Langue: | slovaque |
| Sujets: | |
| Tags: |
Pas de tags, Soyez le premier à ajouter un tag!
|
MARC
| LEADER | 00000naa a2200000 4500 | ||
|---|---|---|---|
| 001 | 0220410 | ||
| 005 | 20240502073624.8 | ||
| 041 | 0 | |a slo | |
| 044 | |a SK | ||
| 245 | 1 | 0 | |a Ponuka na prevzatie v kontexte práva cenných papierov |c Dušan Holub |
| 520 | |a Problematika ponuky na prevziatie podľa zákona o cenných papieroch. Význam a funkcie dobrovoľnej a povinnej ponuky na prevzatie. Konkurenčná ponuka na prevzatie. Zásady ponuky na prevzatie. | ||
| 610 | 2 | 0 | |a papiere cenné |
| 610 | 2 | 0 | |a spoločnosti akciové |
| 610 | 2 | 0 | |a akcionári |
| 610 | 2 | 0 | |a trh kapitálový |
| 610 | 2 | 0 | |a zákonník obchodný |
| 100 | 1 | |a Holub, Dušan | |